UBT Library

SPORTS NUTRITION (Record no. 59028)

000 -LEADER
fixed length control field 00332nam a22001457a 4500
008 - FIXED-LENGTH DATA ELEMENTS--GENERAL INFORMATION
fixed length control field 221124b ||||| |||| 00| 0 eng d
020 ## - INTERNATIONAL STANDARD BOOK NUMBER
International Standard Book Number 9781284036695
041 ## - LANGUAGE CODE
Language code of text/sound track or separate title eng
080 ## - UNIVERSAL DECIMAL CLASSIFICATION NUMBER
Edition identifier FOURTH EDITION
Universal Decimal Classification number 615.83
082 ## - DEWEY DECIMAL CLASSIFICATION NUMBER
Classification number 615.83 FIN
100 ## - Rafti
Rafti 16.2
101 ## - Shkurtesa
Shkurtesa EGZ
245 ## - TITLE STATEMENT
Title SPORTS NUTRITION
Statement of responsibility, etc FINK H.H
942 ## - ADDED ENTRY ELEMENTS (KOHA)
Source of classification or shelving scheme
Item type Books
Holdings
Withdrawn status Lost status Source of classification or shelving scheme Damaged status Not for loan Collection code Permanent location Current location Date acquired Total Checkouts Full call number Barcode Date last seen Price effective from Koha item type
          Koleksioni i përgjithshem UBT - Lipjan UBT - Lipjan 11/24/2022   615.83 FIN 002-800028700260859 11/24/2022 11/24/2022 Books
          Koleksioni i përgjithshem UBT - Lipjan UBT - Lipjan 11/24/2022   615.83 FIN 002-800028700260860 11/24/2022 11/24/2022 Books
          Koleksioni i përgjithshem UBT - Lipjan UBT - Lipjan 11/24/2022   615.83 FIN 002-800028700260861 11/24/2022 11/24/2022 Books
UBT Library © 2015-2024. All rights reserved University Education for Business and Technology